LEADER 01850nam0-2200445---450- 001 990008605020403321 005 20160419093550.0 012 $aeadi s.s. 2.2.(aqu (3) 1773 (Q)$2fei$5IT-NA0399: MR. 27 012 $al-n- s.s. 2.2. (aqu (3) 1773 (Q)$2fei$5IT-NA0107: RARI A 133 035 $a000860502 035 $aFED01000860502 035 $a(Aleph)000860502FED01 035 $a000860502 100 $a20080123f17731773km-y0itay50------ba 101 0 $aita 102 $aIT 140 $aaf--aj--aba------zz-bb------ 141 $ag--b-cc-$5IT-NA0399:-MR.-27---------------------------------------------------------- 200 1 $aVoltimetria retta ovvero Misura delle volte di Vincenzo Lamberti ingegnere napolitano dedicata a S.E. il marchese signor D. Angelo Cavalcanti ... 210 $a[Napoli]$cpresso Donato Campo$d[1773] 215 $aXII, 427, [1] p., VI c. di tav. ripieg.$cill.$d8° 305 $aIl luogo e la data di stampa si desumono dall'imprimatur a c. a6r 307 $aSegn.: a6 A-2C8 2D2 2E4 307 $aFregio sil sul front. 307 $aCors. ; rom. 316 $5IT-NA0399: MR. 27$aIniziali decorate e fregi sil. 316 $5IT-NA0107: RARI A 133$aIl primo gruppo dell'impronta varia (var. B) 610 0 $aVolte$aMisura 620 $aItalia$dNapoli 700 1$aLamberti,$bVincenzo$f<1740-1790>$0298426 719 00$aCampo,$gDonato$4650 801 0$aIT$bUNINA$gRICA$2UNIMARC 856 4 $zInternet Archive$uhttps://archive.org/details/voltimetriaretta00lamb$e2016/04/19 901 $aAQ 912 $a990008605020403321 952 $aMR. 30$b5800$fDARST 952 $aRARI A 133$b18699$fFARBC 959 $aDARST 996 $aVoltimetria retta ovvero misura delle volte di Vincenzo Lamberti ingegnere napolitano dedicata a S.E. il marchese signor D. Angelo Cavalcanti$9712537 997 $aUNINA LEADER 01336cam0-22004331i-450- 001 990000421950403321 005 20080403100226.0 010 $a88-7075-241-0 035 $a000042195 035 $aFED01000042195 035 $a(Aleph)000042195FED01 035 $a000042195 100 $a20020821d1990----km-y0itay50------ba 101 0 $aita 102 $aIT 105 $aaf------001yy 200 1 $a<>spazio per la biblioteca$eedilizia e arredi dei servizi di pubblica lettura nella provincia di Bergamo$fdi Sergio Conti$gcon un saggio di Gian Maria Labaa 210 $aMilano$cBibliografica$dc1990 215 $a165 p.$cill.$d25 cm 225 1 $aBibliografia e biblioteconomia$iFuori collana$v1 300 $aIn testa al front.: Provincia di Bergamo, Assessorato istruzione e cultura 610 0 $aBiblioteche 610 0 $aBiblioteche$aProgettazione 676 $a022.3 676 $a727.824 700 1$aConti,$bSergio$f<1948- > 702 1$aLabaa,$bGianmaria 801 0$aIT$bUNINA$gRICA$2UNIMARC 901 $aBK 912 $a990000421950403321 952 $aARCH B 1195$b2387$fFARBC 952 $aXIX E 4 (1 F.C.)$b20892*$fFGBC 952 $a08 N 103$b431$fDINED 952 $a13 U 05 08$b6061$fFINBC 959 $aDINED 959 $aFGBC 959 $aFINBC 959 $aFARBC 997 $aUNINA LEADER 01022nam2-2200361---450- 001 990006188230203316 005 20170113102154.0 010 $a978-88-350-4314-0 035 $a000618823 035 $aUSA01000618823 035 $a(ALEPH)000618823USA01 035 $a000618823 100 $a20040927d2015----km-y0itay50------ba 101 0 $aita 102 $aIT 105 $ay|||||||001yy 200 1 $a<> pedagogia contemporanea$fGiorgio Chiosso 210 $aBrescia$cLa scuola$d2015 215 $a266 p.$d22 cm 225 2 $aPedagogia$v51 410 0$1001000310326$12001$aPedagogia$v51 606 0 $aPedagogia$xTeorie$2BNCF 676 $a370.1 700 1$aCHIOSSO,$bGiorgio$0116023 801 0$aIT$bsalbc$gISBD 912 $a990006188230203316 951 $aII.4. 4345$b254117 L.M.$cII.4.$d393530 959 $aBK 969 $aUMA 979 $aALESSANDRA$b90$c20170113$lUSA01$h1018 979 $aALESSANDRA$b90$c20170113$lUSA01$h1021 996 $aPedagogia contemporanea$91395139 997 $aUNISA